La Séptima Iglesia : (Record no. 197645)
[ view plain ]
| 000 -LEADER | |
|---|---|
| campo de control de longitud fija | 01287nam a2200337 i 4500 |
| 001 - NÚMERO DE CONTROL | |
| campo de control | 197645 |
| 003 - IDENTIFICADOR DE NÚMERO DE CONTROL | |
| campo de control | ES-MaACL |
| 005 - FECHA Y HORA DE LA ÚLTIMA TRANSACCIÓN | |
| campo de control | 20250831062557.0 |
| 007 - CAMPO FIJO DE DESCRIPCIÓN FÍSICA--INFORMACIÓN GENERAL | |
| campo de control de longitud fija | ta |
| 008 - DATOS DE LONGITUD FIJA--INFORMACIÓN GENERAL | |
| campo de control de longitud fija | 020507s2000 sp cohg||c 000|0 spa|d |
| 017 ## - NÚMERO DE COPYRIGHT O DE DEPÓSITO LEGAL | |
| Número de copyright o de depósito legal | S 229-2000 |
| Agencia que asigna | Oficina Depósito Legal Salamanca |
| 020 ## - NÚMERO INTERNACIONAL ESTÁNDAR DEL LIBRO | |
| Número Internacional Estándar del Libro | 8488265751 |
| 024 ## - IDENTIFICADOR DE OTROS ESTÁNDARES | |
| Número estándar o código | 0000929742 |
| 035 ## - NÚMERO DE CONTROL DEL SISTEMA | |
| Número de control de sistema | Rebiun10270880 |
| 040 ## - FUENTE DE CATALOGACIÓN | |
| Lengua de catalogación | spa |
| Centro/agencia transcriptor | ES-MaACL |
| 245 03 - MENCIÓN DEL TÍTULO | |
| Título | La Séptima Iglesia : |
| Resto del título | Las Edades del Hombre. Catedral de Astorga |
| 260 ## - PUBLICACIÓN, DISTRIBUCIÓN, ETC. | |
| Lugar de publicación, distribución, etc. | Astorga : |
| Nombre del editor, distribuidor, etc. | Las Edades del Hombre, |
| Fecha de publicación, distribución, etc. | 2000 |
| 300 ## - DESCRIPCIÓN FÍSICA | |
| Extensión | 133 páginas : |
| Otras características físicas | ilustraciones a color y blanco y negro ; |
| Dimensiones | 30 cm |
| 336 ## - TIPO DE CONTENIDO | |
| Fuente | rdacontent |
| Término de tipo de contenido | texto |
| 337 ## - TIPO DE MEDIO | |
| Fuente | rdamedia |
| Nombre/término del tipo de medio | sin mediación |
| 338 ## - TIPO DE SOPORTE | |
| Fuente | rdacarrier |
| Nombre/término del tipo de soporte | volumen |
| 610 27 - PUNTO DE ACCESO ADICIONAL DE MATERIA--NOMBRE DE ENTIDAD CORPORATIVA | |
| Nombre de entidad corporativa o nombre de jurisdicción como elemento de entrada | Iglesia Católica- |
| Subdivisión geográfica | España |
| Fuente del encabezamiento o término | |
| 9 (RLIN) | 158479 |
| 650 04 - PUNTO DE ACCESO ADICIONAL DE MATERIA--TÉRMINO DE MATERIA | |
| Término de materia o nombre geográfico como elemento de entrada | Cristianismo- |
| Subdivisión geográfica | España- |
| Subdivisión general | Historia |
| 9 (RLIN) | 241028 |
| 700 ## - ENTRADA AGREGADA--NOMBRE PERSONAL | |
| Nombre de persona | Meléndez Alonso, Antonio-Ignacio |
| 9 (RLIN) | 240990 |
| Término indicativo de función/relación | Comisario |
| 852 ## - LOCALIZACIÓN | |
| Ubicación | ES-MaACL |
| Ubicación en estantería | Depósito 1 |
| Número de control de estantería | A-15728 |
| Donativo/Legado | Donación: Fernando Codina Rodríguez |
| Encuadernación | Encuadernación rústica |
| itemnumber | 206086 |
| 903 ## - NOMBRE PERSONAL DE DONANTE | |
| a | Codina Rodríguez, Fernando |
| e | Donante |
| 9 | 238631 |
| 942 ## - ELEMENTOS DE ENTRADA SECUNDARIOS (KOHA) | |
| Suprimir en OPAC | No |
| Tipo de ítem Koha | Libro impreso |
| Estatus retirado | Estado de pérdida | Fuente del sistema de clasificación o colocación | Estado de daño | No para préstamo | Biblioteca de origen | Biblioteca actual | Ubicación en estantería | Fecha de adquisición | Fuente de adquisición | Total de préstamos | Signatura topográfica completa | Visto por última vez | Precio de reemplazo | Tipo de ítem Koha |
|---|---|---|---|---|---|---|---|---|---|---|---|---|---|---|
| Clasificación decimal universal | Biblioteca del Ateneo de Madrid | Biblioteca del Ateneo de Madrid | Depósito 1 | 24/06/2025 | Donación | A-15728 | 24/06/2025 | 24/06/2025 | Libro impreso |
